Cleaning exterior masonry: pretreatment assessment of a stone building (Record no. 100178)

MARC details
000 -LEADER
fixed length control field 00617cam a2200229 4500
008 - FIXED-LENGTH DATA ELEMENTS--GENERAL INFORMATION
fixed length control field 000000n1999 000 0 eng u
020 ## - INTERNATIONAL STANDARD BOOK NUMBER
International Standard Book Number 186081347X
035 ## - SYSTEM CONTROL NUMBER
System control number (Sirsi) u103854
050 ## - LIBRARY OF CONGRESS CALL NUMBER
Classification number 690
100 ## - MAIN ENTRY--PERSONAL NAME
Personal name Pryke, Stuart
110 ## - MAIN ENTRY--CORPORATE NAME
Corporate name or jurisdiction name as entry element Building Research Establishment
245 ## - TITLE STATEMENT
Title Cleaning exterior masonry: pretreatment assessment of a stone building
260 ## - PUBLICATION, DISTRIBUTION, ETC.
Place of publication, distribution, etc. London
Name of publisher, distributor, etc. CRC
Date of publication, distribution, etc. 1999
300 ## - PHYSICAL DESCRIPTION
Extent 4p. ; 30cm.
490 ## - SERIES STATEMENT
Series statement Information Paper
Volume/sequential designation 9/99
650 ## - SUBJECT ADDED ENTRY--TOPICAL TERM
Topical term or geographic name entry element BRICKWORK
650 ## - SUBJECT ADDED ENTRY--TOPICAL TERM
Topical term or geographic name entry element STONEWORK
650 ## - SUBJECT ADDED ENTRY--TOPICAL TERM
Topical term or geographic name entry element CONSERVATION
650 ## - SUBJECT ADDED ENTRY--TOPICAL TERM
Topical term or geographic name entry element RESTORATION
690 ## - LOCAL SUBJECT ADDED ENTRY--TOPICAL TERM (OCLC, RLIN)
Topical term or geographic name as entry element BUILT ENVIRONMENT
942 ## - ADDED ENTRY ELEMENTS (KOHA)
Suppress in OPAC 0
Holdings
Withdrawn status Lost status Source of classification or shelving scheme Damaged status Not for loan Home library Current library Shelving location Date acquired Total Checkouts Full call number Barcode Date last seen Copy number Price effective from Koha item type Date last checked out
    Dewey Decimal Classification     London London Basement 28/01/2000   SHELF 323 30060576 06/08/2019 1 06/08/2019 Reference material  
    Dewey Decimal Classification     London London Basement 12/04/2000 2 SHELF 323 30060864 06/08/2019 2 06/08/2019 Book 02/10/2001